00942nam a2200229 a 450000100100000000500170001000800410002704000250006808200200009310000360011324500570014926000360020630000260024250000630026859000260033165000280035765000310038591000370041695201180045395201240057199900170069500001057820240412074219.0091008s1987 dr a 000 p spa d aDO-SdBNPbspacBNPHU aRD861.44bN714a1 aNina, Diógenes,d1941-91185710aApricina :bbestia del paraíso /cDiógenes Nina. aSanto Domingo :bTaller,c1987. a53 p. :bil ;c20 cm. aIncluye datos biográficos del autor en la contracubierta aInventariado, 2018/LP 0aPoesía dominicana966 0aLiteratura dominicana.967 aValidado. Control de calidad MFF 0010718PDaPDbPDcHDd2009-10-08iLF1l0oRD861.44 N714ap10578-10r2020-06-25w2020-06-25yLFPDZNo se presta 0010718PDaPDbPDcHDd2009-10-08iLF1l0oRD861.44 N714ap10578-20r2020-06-25te. 2w2020-06-25yLFPDZNo se presta c10336d10336